Probability and statistics in geodesy a geophysic /

Salvato in:
Dettagli Bibliografici
Autori principali: Kubáček, Lubomír (Autore), Kukuča, J (Autore), Kubáčková, Ludmila (Autore)
Natura: Libro
Lingua:inglese
Pubblicazione: Amsterdam : Elsevier, 1987
Tags: Aggiungi Tag
Nessun Tag, puoi essere il primo ad aggiungerne!!

MARC

LEADER 00000nam a22000003a 4500
001 stu3442
005 20150617225619.7
008 930331s1987----cs------------------eng-d
040 |a STU  |b slo 
041 0 |a eng 
044 |a cs 
080 |a 519.2 
080 |a 528 
100 1 |a Kubáček, Lubomír  |4 aut 
245 1 |a Probability and statistics in geodesy a geophysic /  |c [aut.] Kubáčková,Ň.; Kubáček,L.; Kukuča,J 
260 |a Amsterdam :  |b Elsevier,  |c 1987 
300 |a 427 s 
700 1 |a Kukuča, J  |4 aut 
700 1 |a Kubáčková, Ludmila  |4 aut 
996 |b E68121  |c E*68121  |l EE03  |s P  |a 0  |w stu3442_0001